Регионална библиотека "Любен Каравелов" - Русе

Черти от живота на Сава С. Раковски (Запис номер 139873)

MARC детайли
000 -Лидер
Контролно поле с фиксирана дължина 02822nam a2200565 a 4500
003 - Код на организацията, давaща контролен номер
Контролно поле BLK
005 - Дата и час на последна редакция
Контролно поле 20250123101005.0
008 - Елементи от данни с фиксирана дължина
fixed length control field 180409b bul|||||r ||||||| ||bul||
010 ## - Наследен системен номер
LC control number KNG00145923000
040 ## - Източник на каталожния запис
Идентификатор на билиотеката - собственик на записа BLK
041 ## - Код за език
Код за езика на текст/звукозапис или на отделно заглавие Български
Код за езика КДБФ Български
072 #7 - Код за тематичната категория
Код организация bullib
Код за тематична категория К
Текст Краезнание
072 #7 - Код за тематичната категория
Код организация bullib
Код за тематична категория Я
Текст Автографи
080 ## - УДК
Текстов определител УДК Националноосвободителното движение в България (1856-1877)
УДК код - определител по УДК 94(497.2)"1856/1877"
УДК определител (092)
УДК - код + определител 94(497.2)"1856/1877"(092)
080 ## - УДК
Текстов определител УДК Съби Стойков Попович. Български революционер и възрожденец, революционен демократ, публицист, журналист, историк и етнограф
УДК код - определител по УДК 929 Раковски, Георги Сава
УДК - код + определител 929 Раковски, Георги Сава
139 ## - Редно поле
Редна дума Попов, Черньо
Авторски знак Рако - Р 31
245 10 - Сведения за заглавието
Заглавие Черти от живота на Сава С. Раковски
Редно поле (дума) наредил Черньо Попов.
257 ## - Страна на издаване
Страна на създаване/издаване България
260 ## - Област на издателските данни
Име на издателя, разпространителя и проч. Изд. състав.
Година на издаване 1891
Печатница Русе : скоропеч. Спиро Гулабчев
Място на издаване, разпространение и проч. Русе
300 ## - Физическа характеристика
Страници 142 с.
Размери/Мащаб 25 см
380 ## - Жанр
Жанр История
490 ## - СЕРИИ (Колекции)
9 (RLIN) 435080
Име на серия Колекция Редки и ценни издания
520 ## - Забележка за наличие на резюме, анотация и т.н
Анотация, рецензия, сканиран текст Обнародвани 35 писма на Раковски до Йосиф Дайнелов. На с. 69-70 е дадено писмо на Й. Дайнелов до Черньо Попов от 14 окт. 1890 г., в което говори, че е успял да съхрани около 200 писма на Раковски.
600 14 - Име на лице, използвано като предмет
За него / За нея Раковски, Георги Сава
9 (RLIN) 244444
650 #4 - Допълнително описание по предмет – тема
Основно описание – тема или топоним Националноосвободително движение - България - дейци
9 (RLIN) 243361
650 #4 - Допълнително описание по предмет – тема
Основно описание – тема или топоним Раковски, Георги Сава
9 (RLIN) 244444
650 #4 - Допълнително описание по предмет – тема
Основно описание – тема или топоним Възрожденци, български
9 (RLIN) 246435
650 #4 - Допълнително описание по предмет – тема
Основно описание – тема или топоним Революционери, български
9 (RLIN) 252105
651 #4 - Допълнително описание по предмет - топоним
Географско понятие България
9 (RLIN) 241624
653 ## - Ключова дума – ненормативна
Ключова дума българска история
653 ## - Ключова дума – ненормативна
Ключова дума националноосвободителни движения
653 ## - Ключова дума – ненормативна
Ключова дума Георги Раковски
653 ## - Ключова дума – ненормативна
Ключова дума революционери
653 ## - Ключова дума – ненормативна
Ключова дума български писатели
653 ## - Ключова дума – ненормативна
Ключова дума възрожденци
653 ## - Ключова дума – ненормативна
Ключова дума Йосиф Дайнелов
9 (RLIN) 188068
659 ## - Тематичен бюлетин
Тематичен бюлетин К
659 ## - Тематичен бюлетин
Тематичен бюлетин Ц
659 ## - Тематичен бюлетин
Тематичен бюлетин Я
700 1# - Други автори (авторска отговорност)
Лично име Попов, Черньо
Автороска отговорност (Описва отношението между автора и произведението) наредил
9 (RLIN) 326888
852 ## - Местоположение
Форматна сигнатура Рб 891
Фондова буква Редки и ценни
852 ## - Местоположение
Форматна сигнатура К 94(497.2)"1856/1877"(092)/Р 31
856 4# - Електронен адрес и достъп
Електронен формат pdf - файл
942 ## - АРТИКУЛИ
Вид на библиотечния материал Книги
Скрит в OPAC Не
Периодичен библиозапис Да
Koha issues (borrowed), all copies 1
944 ## - СЪЗДАВАНЕ И РЕДАКЦИЯ на ЗАПИСА
Създаване/Редакция Създаване
Дата на регистрацията/редакция 15.07.2013
Статус, дата на статуса Валя Йорданова
Служител, извършил регистрацията/редакцията 30558
944 ## - СЪЗДАВАНЕ И РЕДАКЦИЯ на ЗАПИСА
Създаване/Редакция Редакция
Дата на регистрацията/редакция 2020-10-12
999 ## - СИСТЕМНИ КОНТРОЛНИ НОМЕРА
Koha biblionumber 139873
Koha biblioitemnumber 139873
999 ## - СИСТЕМНИ КОНТРОЛНИ НОМЕРА
Koha biblioitemnumber 139873
999 ## - СИСТЕМНИ КОНТРОЛНИ НОМЕРА
Koha biblioitemnumber 139873
999 ## - СИСТЕМНИ КОНТРОЛНИ НОМЕРА
Koha biblioitemnumber 139873
Наличности
Код за отписване Код за изгубен артикул Източник на класификационната схема Код за повреда Коз за рестрикции Код за отдаване Артикулен № Име на библиотеката - собственик Име на библиотеката, в която се намира в момента Статус (Текущо местоположение) Дата на вписване в системата Местоположение - отдел Цена в лева Номерация (Хронология) Инвентарен номер Систематично азбучна сигнатура Баркод Номер на екземпляра Цена в евро Служебна бележка Служебен тип на артикула
  Не е изгубен Universal Decimal Classification Не е повреден без рестрикции ползва се в читалня 229171 Регионална библиотека "Любен Каравелов" Русе Регионална библиотека "Любен Каравелов" Русе Краезнание 1891-01-01 Краезнание 0.84 Автограф: Ч. Попов 180595 К 94(497.2)"1856/1877"(092)/Р 31 120000180595 1 0.43 N: Сф Дата: 01.01.1891 Дата инв: 17.11.2017 Бележки инв: К2017 Книги
  Не е изгубен Universal Decimal Classification Не е повреден само за читалня Специални фондове ( старопечатни, редки и ценни, фонд М. Арнаудов) 803468 Регионална библиотека "Любен Каравелов" Русе Регионална библиотека "Любен Каравелов" Русе Редки и ценни 2020-10-15 Редки и ценни 0.11   7232 Рб 891 900000021070   0.06   Книги
Vip Innovations Ltd, Rousse, Bulgaria 2025